000 00559nam a22001937a 4500
999 _c2885
_d2885
003 AR-CdUCM
008 190305b ||||| |||| 00| 0 spa d
040 _aMUNICIPALIDAD PROVINCIAL DEL CUSCO
_cBIBLIOTECA MUNICIPAL DEL CUSCO
082 _a869.964 /
_bC27
100 _aCarpentier, Alejo
_9216
245 _aEl recurso del método /
260 _aLa Habana :
_bArte y literatura,
_c1974.
300 _a412 páginas ;
_c23 cm.
650 _aNovela Cubana
_91237
650 _aSiglo XX
_98
650 _aLiteratura
_983
942 _2ddc
_cLIBROS
945 _admma